000 00630nam a2200277Ia 4500
005 20260324131339.0
008 008 260324s9999 xx 000 0 eng d
020 _a9780429237096
037 _aEBOOK
040 _aCRL
040 _beng
040 _cCRL
041 _2eng
041 _aeng
084 _qCRL
100 _aRichard Bennett
_91185059
245 0 _aProgression in Primary ICT
260 _bTaylor and Francis
260 _c2006
365 _a
365 _b150
856 _uhttp://www.taylorfrancis.com/books/9780429237096
942 _cEBOOK
999 _c1782228
_d1782228